00500 2200157 4500245010300000020002200103250001100125100001800136650002100154005001900175260009700194041001400291084000800305300002000313336000900333 aMorotai b : Menyusuri Jejak Moro, Jenderal MacArthur, Nakamura, dan TrikoracFanny J. FoykhText a978-602-437-365-8 aCet. 1 aFanny J. Foyk aSastra Indonesia a20241104135631 aJakartabBadan Pengembangan dan Pembinaan Bahasa Kementerian Pendidikan dan Kebudayaanc2017 aIndonesia a813 a162 Hlm. :cPDF atext